000 00679nam a2200253Ia 4500
001 8062
005 20240113234048.0
007 ta
008 050715s1999 a g b000 u eng u
020 _a81 87167 10 6
040 _aCotton College Assam
041 _aeng
082 _a620.8
_bPu 97 Bi
100 _aPurohit, S S .
245 0 _aBiotechnology:Fundamentals and Applications /
_cS S Purohit & S K Mathur.
_hTextual Documents
250 _a1st ed /
260 _aNew Delhi :
_bAgro Botanic ,
_c1999.
300 _a673p. :
_bill ;
_c24cm. .
653 _aBotany
653 _aBiotechnology
942 _2ddc
_cBK
999 _c8049
_d8049